| 000 | 00796nam a2200217 a 4500 | ||
|---|---|---|---|
| 001 | 000044783 | ||
| 005 | 20240412074303.0 | ||
| 008 | 150112s2014 dr 000 p spa d | ||
| 020 | _a9789945009897 | ||
| 040 |
_aDO-SdBNP _bspa _cBNPHU |
||
| 082 |
_aRD861.44 _bE56a |
||
| 100 | 1 |
_aEncarnación Antuna, César Bolívar, _d1962- _972805 |
|
| 245 | 1 | 0 |
_aAntonio Duvergé y otros poemas 2009-2010. / _cCésar Bolívar Encarnación Antuna. |
| 260 |
_aBonao : _bFull Color Econocopias, _c2014. |
||
| 300 |
_a157 p. ; _c21 cm. |
||
| 500 | _aIncluye datos biografícos del autor en la contraportada | ||
| 590 | _aLa biblioteca posee tres ejemplares autografíados por el autor | ||
| 650 | 0 |
_aPoesía dominicana _966 |
|
| 650 | 0 |
_aLiteratura dominicana. _967 |
|
| 910 | _aValidado. Control de caliad MFF | ||
| 999 |
_c44272 _d44272 |
||